[Event "Frauenbundesliga 2016/2017"]
[Site "Wien / St. Veit / Jenbach"]
[Date "2017.01.14"]
[Round "1"]
[Board "1"]
[White "Schloffer, Jasmin-Denise"]
[Black "Hapala, Elisabeth"]
[Result "1/2-1/2"]
[WhiteElo "1937"]
[BlackElo "2091"]
[PlyCount "137"]
[EventDate "2017.01.14"]
[EventType "team"]
[EventRounds "7"]
[EventCountry "AUT"]
[WhiteTeam "Spg. Feldbach-Kirchberg"]
[BlackTeam "ASVOE Pamhagen"]

1. d4 Nf6 2. c4 g6 3. Nc3 Bg7 4. e4 d6 5. f3 O-O 6. Be3 Nc6 7. Qd2 a6 8. Nge2
Rb8 9. Rc1 Bd7 10. Nd1 b5 11. c5 dxc5 12. Rxc5 Ne8 13. Bh6 Nd6 14. Bxg7 Kxg7
15. h4 h5 16. Nf4 Rh8 17. Rg5 Qe8 18. d5 Nd8 19. Qd4+ Kg8 20. Bd3 c5 21. Qe3 e5
22. dxe6 Nxe6 23. Nxe6 Bxe6 24. Qxc5 Nc4 25. O-O Qd7 26. Bxc4 Bxc4 27. Re1 Bxa2
28. Ne3 Rc8 29. Qa3 Qe6 30. Ra1 Bb3 31. Qxa6 Rc1+ 32. Kh2 Rxa1 33. Qxa1 Qd6+
34. Kh1 Qd2 35. Qg1 Qxb2 36. Rxb5 Qf6 37. Qf2 Be6 38. Rb8+ Kh7 39. Rxh8+ Qxh8
40. Qg3 Qd4 41. Qg5 Kg7 42. Kh2 Kh7 43. Nd5 Bxd5 44. Qxd5 Qf6 45. Kg3 Kg7 46.
e5 Qf5 47. Qd4 Qe6 48. Qf4 Qc6 49. Qe3 Qc4 50. Qb6 Qd5 51. Qf6+ Kh7 52. Qd6 Qc4
53. Qf6 Qd5 54. f4 Qc4 55. Qg5 Qe4 56. Qf6 Kg8 57. Qd8+ Kg7 58. Qf6+ Kg8 59.
Kh2 Qe3 60. Qg5 Kg7 61. Qg3 Qe4 62. Qf2 Kg8 63. Qd2 Kg7 64. Qf2 Kg8 65. Qg3 Kg7
66. Qg5 Kg8 67. Qf6 Qe3 68. Qg5 Kg7 69. Qf6+ 1/2-1/2

[Event "Frauenbundesliga 2016/2017"]
[Site "Wien / St. Veit / Jenbach"]
[Date "2017.01.14"]
[Round "1"]
[Board "2"]
[White "Mira, Helene"]
[Black "Horvath, Reka"]
[Result "1-0"]
[WhiteElo "2068"]
[BlackElo "2052"]
[PlyCount "185"]
[EventDate "2017.01.14"]
[EventType "team"]
[EventRounds "7"]
[EventCountry "AUT"]
[WhiteTeam "ASVOE Pamhagen"]
[BlackTeam "Spg. Feldbach-Kirchberg"]

1. Nf3 c5 2. c4 Nf6 3. d4 cxd4 4. Nxd4 b6 5. Nc3 Bb7 6. Bg5 d6 7. Bxf6 gxf6 8.
e3 Rg8 9. Qh5 h6 10. Ne6 Qd7 11. Nd5 Na6 12. Nxf8 Rxf8 13. Be2 O-O-O 14. O-O
Rg8 15. Qxf7 Nb4 16. f3 Nxd5 17. cxd5 Rg5 18. e4 Rdg8 19. Rf2 Kb8 20. f4 R5g7
21. Qh5 f5 22. Bf3 fxe4 23. Bxe4 Qa4 24. Qe2 Qd4 25. Rd1 Qc5 26. Qc2 Qe3 27.
Qd3 Qc5 28. Qd4 e6 29. Qxc5 bxc5 30. Bf3 exd5 31. Bxd5 Bxd5 32. Rxd5 Kc7 33.
Rfd2 Rg6 34. g3 Rf6 35. Kf2 Re8 36. f5 Re4 37. Kf3 Rb4 38. g4 h5 39. g5 Rf8 40.
f6 Rg4 41. h3 Rg1 42. h4 Rf1+ 43. Kg2 Rf4 44. Rxd6 Rxh4 45. Rd7+ Kc6 46. R2d6+
Kb5 47. b3 Rg4+ 48. Kf3 Rxg5 49. Rb7+ Ka5 50. Rxa7+ Kb4 51. Kf4 Rg2 52. Kf5 h4
53. f7 Rf2+ 54. Kg6 Rg2+ 55. Kf6 h3 56. Ke7 Rh8 57. Ra4+ Kb5 58. Rh4 Re2+ 59.
Re6 Rxe6+ 60. Kxe6 Rxh4 61. f8=Q h2 62. Qb8+ Ka6 63. Qa8+ Kb5 64. Qh1 Rh6+ 65.
Kf5 Rh8 66. Ke4 Rh4+ 67. Kd3 Rh3+ 68. Kc2 Rh7 69. Qf1+ Kb6 70. Qh1 Kb5 71. a4+
Kb6 72. Kb2 Ka7 73. Kc3 Rh4 74. a5 Rh6 75. Kc4 Rh5 76. Kb5 Kb8 77. Kb6 Rh6+ 78.
Kxc5 Rh5+ 79. Kb4 Ka7 80. Ka4 Rh4+ 81. b4 Rh5 82. Kb3 Rh3+ 83. Kc2 Rh5 84. Kd3
Rh3+ 85. Kc4 Rh4+ 86. Kc5 Rh5+ 87. Kd6 Rh6+ 88. Ke7 Rh7+ 89. Kf6 Rh5 90. Kg6
Rh4 91. b5 Rh3 92. b6+ Kb8 93. a6 1-0

[Event "Frauenbundesliga 2016/2017"]
[Site "Wien / St. Veit / Jenbach"]
[Date "2017.01.14"]
[Round "1"]
[Board "3"]
[White "Horvath, Orsolya"]
[Black "Horvath, Maria"]
[Result "1-0"]
[WhiteElo "1867"]
[BlackElo "1983"]
[PlyCount "115"]
[EventDate "2017.01.14"]
[EventType "team"]
[EventRounds "7"]
[EventCountry "AUT"]
[WhiteTeam "Spg. Feldbach-Kirchberg"]
[BlackTeam "ASVOE Pamhagen"]

1. e4 c5 2. Nf3 Nc6 3. d4 cxd4 4. Nxd4 Qc7 5. Nc3 e6 6. Be3 a6 7. a3 Nf6 8. Be2
b5 9. O-O Bb7 10. f4 d6 11. Bf3 Be7 12. Qe1 Nxd4 13. Bxd4 e5 14. fxe5 dxe5 15.
Qg3 Bc5 16. Bxc5 Qxc5+ 17. Kh1 O-O 18. Nd5 Nxd5 19. exd5 f6 20. Qf2 Rac8 21.
Rac1 Rfd8 22. Qxc5 Rxc5 23. Rfd1 Rd6 24. Be4 g6 25. g4 Rc4 26. Bf3 Rf4 27. Kg2
e4 28. Be2 Rxd5 29. Kg3 g5 30. c4 Rxd1 31. Rxd1 Bc6 32. Rd6 Be8 33. Rxa6 bxc4
34. Bxc4+ Kg7 35. Be2 h5 36. h3 h4+ 37. Kg2 e3 38. Ra7+ Kf8 39. Bf3 Rd4 40. Ra6
Rd2+ 41. Kg1 Ke7 42. Rb6 Bg6 43. a4 Be4 44. Rb3 Bd3 45. a5 Kd7 46. Rc3 e2 47.
Kf2 Kd8 48. b4 Bb5 49. Rc5 Bd3 50. b5 Kd7 51. b6 Ba6 52. Rd5+ Rxd5 53. Bxd5 Kc8
54. Bf3 Bc4 55. Bxe2 Bd5 56. Bf3 Bc4 57. Bg2 Be6 58. a6 1-0

[Event "Frauenbundesliga 2016/2017"]
[Site "Wien / St. Veit / Jenbach"]
[Date "2017.01.14"]
[Round "1"]
[Board "4"]
[White "Kosc, Renata"]
[Black "Wilfling, Sandra"]
[Result "1-0"]
[WhiteElo "1996"]
[BlackElo "1812"]
[PlyCount "93"]
[EventDate "2017.01.14"]
[EventType "team"]
[EventRounds "7"]
[EventCountry "AUT"]
[WhiteTeam "ASVOE Pamhagen"]
[BlackTeam "Spg. Feldbach-Kirchberg"]

1. e4 d5 2. exd5 Qxd5 3. Nc3 Qa5 4. d4 c6 5. Bd3 Bf5 6. Nge2 Bxd3 7. Qxd3 Nf6
8. O-O e6 9. a3 Bd6 10. Ng3 Qc7 11. h3 Bxg3 12. fxg3 Nbd7 13. Bf4 Qb6 14. Kh2
O-O 15. Bd6 Rfe8 16. b4 e5 17. Ne2 exd4 18. Nxd4 Ne5 19. Bxe5 Rxe5 20. Nf5 Rd8
21. Qf3 Re6 22. Rad1 Rxd1 23. Rxd1 Qc7 24. c4 Qe5 25. Qf4 g6 26. Rd8+ Ne8 27.
Qxe5 Rxe5 28. Nd6 Kf8 29. Nxb7 Re3 30. Rc8 Rxa3 31. Rxc6 Ke7 32. b5 Kd7 33. h4
Nc7 34. Nc5+ Kd8 35. g4 Rc3 36. Nb7+ Kd7 37. Nc5+ Kd8 38. Ne4 Re3 39. Ng5 f5
40. gxf5 gxf5 41. Nxh7 Re4 42. g3 Ne6 43. Nf6 Nd4 44. Rd6+ Ke7 45. Nxe4 Nf3+
46. Kg2 fxe4 47. Ra6 1-0

[Event "Frauenbundesliga 2016/2017"]
[Site "Wien / St. Veit / Jenbach"]
[Date "2017.01.14"]
[Round "1"]
[Board "1"]
[White "Newrkla, Katharina"]
[Black "Tarmastin, Laura"]
[Result "1-0"]
[WhiteElo "2188"]
[BlackElo "1871"]
[PlyCount "39"]
[EventDate "2017.01.14"]
[EventType "team"]
[EventRounds "7"]
[EventCountry "AUT"]
[WhiteTeam "ASVOE Wulkaprodersdorf"]
[BlackTeam "SV OEkothek St. Veit/Glan"]

1. e4 e5 2. Nf3 Nc6 3. Bb5 a6 4. Ba4 Nf6 5. O-O b5 6. Bb3 d6 7. Ng5 d5 8. exd5
Nd4 9. Nc3 Bd6 10. Nce4 Bb7 11. c4 O-O 12. d3 h6 13. Nxf6+ Qxf6 14. Ne4 Qg6 15.
Nxd6 cxd6 16. Be3 Ne6 17. Bc2 f5 18. f3 Nc7 19. b3 Rae8 20. d4 1-0

[Event "Frauenbundesliga 2016/2017"]
[Site "Wien / St. Veit / Jenbach"]
[Date "2017.01.14"]
[Round "1"]
[Board "2"]
[White "Kejzar, Petra"]
[Black "Exler, Veronika"]
[Result "0-1"]
[WhiteElo "1991"]
[BlackElo "2208"]
[PlyCount "92"]
[EventDate "2017.01.14"]
[EventType "team"]
[EventRounds "7"]
[EventCountry "AUT"]
[WhiteTeam "SV OEkothek St. Veit/Glan"]
[BlackTeam "ASVOE Wulkaprodersdorf"]

1. e4 e5 2. Nf3 Nc6 3. Bb5 Nf6 4. d3 Bc5 5. O-O Nd4 6. Nxd4 Bxd4 7. c3 Bb6 8.
Bg5 h6 9. Bh4 c6 10. Ba4 d6 11. Na3 g5 12. Bg3 h5 13. h3 h4 14. Bh2 g4 15. d4
gxh3 16. f4 hxg2 17. Re1 Ng4 18. Nc4 Nxh2 19. Kxh2 exf4 20. e5 d5 21. Nd6+ Kf8
22. Qf3 Qg5 23. Qxg2 Qg3+ 24. Kh1 f3 25. Qh2 Bh3 26. Rg1 Bg2+ 27. Rxg2 fxg2+
28. Qxg2 Qxg2+ 29. Kxg2 Ke7 30. Rf1 Rag8+ 31. Kh2 Rf8 32. Nxb7 f6 33. Bxc6 fxe5
34. Re1 Rf2+ 35. Kh3 Rf3+ 36. Kh2 e4 37. Bxd5 Bc7+ 38. Kh1 Rh3+ 39. Kg1 Rg3+
40. Kh1 Rh3+ 41. Kg1 Rg3+ 42. Kh1 e3 43. Nc5 Rh5 44. c4 Rhg5 45. Bg2 Rxg2 46.
Rxe3+ Kf7 0-1

[Event "Frauenbundesliga 2016/2017"]
[Site "Wien / St. Veit / Jenbach"]
[Date "2017.01.14"]
[Round "1"]
[Board "3"]
[White "Unger, Eva"]
[Black "Krassnitzer, Maria"]
[Result "1-0"]
[WhiteElo "1757"]
[BlackElo "1601"]
[PlyCount "75"]
[EventDate "2017.01.14"]
[EventType "team"]
[EventRounds "7"]
[EventCountry "AUT"]
[WhiteTeam "ASVOE Wulkaprodersdorf"]
[BlackTeam "SV OEkothek St. Veit/Glan"]

1. d4 Nf6 2. Nf3 d6 3. e3 g6 4. Nbd2 Bg7 5. Be2 O-O 6. O-O Nc6 7. a3 Bd7 8. b4
a6 9. Bb2 b5 10. h3 d5 11. Bd3 Ne8 12. e4 dxe4 13. Bxe4 Nd6 14. Bd5 Nf5 15. c3
Rb8 16. Ne4 e6 17. Ba2 Nce7 18. Nc5 Rb6 19. Ne5 Bxe5 20. dxe5 Bc6 21. Qg4 Qd2
22. Rab1 h5 23. Qd1 Rd8 24. Qxd2 Rxd2 25. Rfd1 Rxd1+ 26. Rxd1 Nd5 27. g3 g5 28.
c4 Nde7 29. Bc1 g4 30. hxg4 hxg4 31. Bg5 bxc4 32. Bxc4 Ba4 33. Rd8+ Kh7 34. Bf6
Ng6 35. Ne4 Kh6 36. Be2 a5 37. Bxg4 axb4 38. Bg5+ 1-0

[Event "Frauenbundesliga 2016/2017"]
[Site "Wien / St. Veit / Jenbach"]
[Date "2017.01.14"]
[Round "1"]
[Board "4"]
[White "Kogler, Alexandra"]
[Black "Tschida, Verena"]
[Result "1/2-1/2"]
[WhiteElo "1470"]
[BlackElo "1580"]
[PlyCount "53"]
[EventDate "2017.01.14"]
[EventType "team"]
[EventRounds "7"]
[EventCountry "AUT"]
[WhiteTeam "SV OEkothek St. Veit/Glan"]
[BlackTeam "ASVOE Wulkaprodersdorf"]

1. e4 c5 2. Nf3 Nc6 3. c3 g6 4. d4 cxd4 5. cxd4 Bg7 6. Nc3 Qb6 7. Nd5 Qd8 8.
Be3 e6 9. Nc3 Nge7 10. Be2 O-O 11. O-O d5 12. e5 Nf5 13. Qd2 Bd7 14. a3 Na5 15.
Qc2 Rc8 16. b4 Nc4 17. Bxc4 Rxc4 18. Qd2 Qc7 19. Rac1 Rc8 20. Ne2 Qb6 21. Rxc4
Rxc4 22. Rc1 Bb5 23. Nc3 Qa6 24. Nxb5 Qxb5 25. Rxc4 Qxc4 26. Qc1 b5 27. h3
 1/2-1/2

[Event "Frauenbundesliga 2016/2017"]
[Site "Wien / St. Veit / Jenbach"]
[Date "2017.01.14"]
[Round "1"]
[Board "1"]
[White "Saler-Grafenberger, Elisabeth"]
[Black "Schnegg, Anna-Lena"]
[Result "0-1"]
[WhiteElo "1918"]
[BlackElo "2120"]
[PlyCount "78"]
[EventDate "2017.01.14"]
[EventType "team"]
[EventRounds "7"]
[EventCountry "AUT"]
[WhiteTeam "Spg. Steyr"]
[BlackTeam "Mayrhofen/SK Zell/Zillertal"]

1. c4 c5 2. g3 Nf6 3. Bg2 d5 4. cxd5 Nxd5 5. Nc3 Nc7 6. d3 e5 7. Nf3 Nc6 8. O-O
Be7 9. b3 O-O 10. Bb2 Bd7 11. Rc1 f6 12. Ne4 b6 13. Qc2 Rc8 14. Nc3 Bg4 15. Qb1
Nd4 16. Rce1 Nxf3+ 17. exf3 Bf5 18. Re3 Rf7 19. Rfe1 Bf8 20. g4 Bg6 21. Qd1 Ne6
22. Bf1 Rd7 23. Ne4 Nf4 24. Qc2 Nd5 25. h3 Nxe3 26. fxe3 Bxe4 27. fxe4 b5 28.
Qf2 Kh8 29. Be2 c4 30. bxc4 bxc4 31. dxc4 Rd2 32. Bc3 Rc2 33. Ba1 Qd2 34. g5
Bc5 35. Bd4 exd4 36. gxf6 Qxe3 37. Qxe3 dxe3 38. fxg7+ Kxg7 39. Kh1 Bd6 0-1

[Event "Frauenbundesliga 2016/2017"]
[Site "Wien / St. Veit / Jenbach"]
[Date "2017.01.14"]
[Round "1"]
[Board "2"]
[White "Wu, Min"]
[Black "Molnar, Monika"]
[Result "1-0"]
[WhiteElo "1907"]
[BlackElo "1823"]
[PlyCount "167"]
[EventDate "2017.01.14"]
[EventType "team"]
[EventRounds "7"]
[EventCountry "AUT"]
[WhiteTeam "Mayrhofen/SK Zell/Zillertal"]
[BlackTeam "Spg. Steyr"]

1. e4 d5 2. exd5 Qxd5 3. Nc3 Qa5 4. d4 Nf6 5. Bd2 c6 6. Nf3 Bg4 7. h3 Bh5 8. g4
Bg6 9. Ne5 Qb6 10. Bc1 e6 11. h4 Bb4 12. h5 Be4 13. Rh4 Nd5 14. Qd2 h6 15. a3
Be7 16. Nxd5 cxd5 17. Rh3 Nc6 18. Nxc6 Qxc6 19. Rc3 Qb6 20. Rb3 Qc7 21. Bb5+
Kf8 22. Bd3 Bf3 23. Be2 Bg5 24. Qb4+ Be7 25. Qxb7 Qxb7 26. Rxb7 Be4 27. Rc7 Bd8
28. Rc6 Bb6 29. f3 Bh7 30. Be3 Ke7 31. Rd1 Rac8 32. Rxc8 Rxc8 33. c3 Bc2 34.
Rc1 Ba4 35. Bd1 Bb5 36. b3 a5 37. a4 Ba6 38. Be2 Bxe2 39. Kxe2 Ba7 40. Kd3 f6
41. f4 Kd7 42. Rg1 Rb8 43. Rb1 Rb7 44. b4 Bb8 45. g5 hxg5 46. fxg5 fxg5 47.
Bxg5 Bd6 48. Bd2 Be7 49. b5 Bf6 50. Rf1 Rb8 51. c4 dxc4+ 52. Kxc4 Rc8+ 53. Kd3
Rh8 54. h6 Kd6 55. hxg7 Bxg7 56. Rf7 Rh3+ 57. Kc4 Bxd4 58. Kxd4 Rh4+ 59. Kc3
Rxa4 60. b6 Kc6 61. Be3 Ra3+ 62. Kd2 Rb3 63. Re7 Kd6 64. Ra7 Rb5 65. b7 a4 66.
Ra6+ Kc7 67. b8=Q+ Kxb8 68. Rxa4 Kc7 69. Bf4+ Kd7 70. Ke3 Ke7 71. Ke4 Kf6 72.
Bg3 Kg6 73. Be5 Kf7 74. Ra7+ Ke8 75. Bd6 Rd5 76. Re7+ Kd8 77. Rxe6 Rb5 78. Re7
Rh5 79. Ra7 Rb5 80. Kd4 Rh5 81. Be5 Kc8 82. Kd5 Rh3 83. Kc6 Rh6+ 84. Bd6 1-0

[Event "Frauenbundesliga 2016/2017"]
[Site "Wien / St. Veit / Jenbach"]
[Date "2017.01.14"]
[Round "1"]
[Board "3"]
[White "Bernhard, Julia"]
[Black "Mayrhuber, Nikola"]
[Result "0-1"]
[WhiteElo "1818"]
[BlackElo "2082"]
[PlyCount "118"]
[EventDate "2017.01.14"]
[EventType "team"]
[EventRounds "7"]
[EventCountry "AUT"]
[WhiteTeam "Spg. Steyr"]
[BlackTeam "Mayrhofen/SK Zell/Zillertal"]

1. e4 c6 2. d4 d5 3. exd5 cxd5 4. Nf3 Nc6 5. c3 Nf6 6. Bf4 Bf5 7. Bd3 Ne4 8.
Nh4 e5 9. Nxf5 exf4 10. Qe2 Ne7 11. Bxe4 dxe4 12. Qxe4 Qd5 13. Qxd5 Nxd5 14.
Nh4 O-O-O 15. O-O Rd6 16. Nd2 b5 17. Nhf3 f6 18. Rfe1 Kd7 19. Ne4 Rc6 20. Nfd2
Nc7 21. Nb3 Na6 22. d5 Rc8 23. Nd4 b4 24. Rac1 bxc3 25. bxc3 Rc4 26. Rc2 Nc7
27. Nd2 Rc5 28. c4 Ra5 29. N2b3 Ra4 30. g3 Bd6 31. Nf5 Bb4 32. Re4 g6 33. Nfd4
fxg3 34. hxg3 Bd6 35. Kg2 Rc8 36. Nc6 Nxd5 37. Rd4 Rxc6 38. Rxd5 Raxc4 39. Rcd2
Rb6 40. Nc5+ Ke7 41. Re2+ Kf7 42. Ne6 Be7 43. Nd8+ Ke8 44. Ne6 Rd6 45. Nc7+ Kd7
46. Rxd6+ Bxd6 47. Nd5 Be5 48. f4 Bd4 49. Kf3 Kd6 50. Ne3 Rc3 51. Ke4 Rxe3+ 52.
Rxe3 Bxe3 53. Kxe3 Kd5 54. Kd3 f5 55. a3 a6 56. a4 a5 57. Kc3 Kc5 58. Kb3 Kd4
59. Kb2 Kc4 0-1

[Event "Frauenbundesliga 2016/2017"]
[Site "Wien / St. Veit / Jenbach"]
[Date "2017.01.14"]
[Round "1"]
[Board "4"]
[White "Konecny, Sophie"]
[Black "Amritzer, Martina"]
[Result "1-0"]
[WhiteElo "1820"]
[BlackElo "1545"]
[PlyCount "25"]
[EventDate "2017.01.14"]
[EventType "team"]
[EventRounds "7"]
[EventCountry "AUT"]
[WhiteTeam "Mayrhofen/SK Zell/Zillertal"]
[BlackTeam "Spg. Steyr"]

1. d4 a6 2. c4 e6 3. Nf3 Nf6 4. g3 d5 5. Bg2 dxc4 6. Ne5 Bb4+ 7. Nc3 Nd5 8. Bd2
b5 9. a4 f6 10. e4 Bxc3 11. Qh5+ g6 12. Nxg6 Bxd2+ 13. Kxd2 {13. ... 0-0 14.
Sxf8 Sf4 15. Dxh7+ Kxf8 16. Dh8+ Ke7 17. Dxd8+ Kxd8 18. gxf4 b4 19. h4 Sc6 20.
e5 Ld7 21. h5 Ke7 22. Tac1 Tg8 23. Th2 Sxd4 24. Txc4 Sb3+ 25. Kc2 Lxa4 26.
Txb4 Sc5+ 27. Kc3 Td8 28. Th3 Lb5 29. Tg3 Kf7 30. b3 Sd7 31. Lf3 f5 32. Td4
Tg8 33. Txg8 Kxg8 34. Td1 Kh7 35. Tg1 Sf8 36. Kb4 c6 37. Kc5 Sd7+ 38. Kd6 Sf8
39. Ke7} 1-0

[Event "Frauenbundesliga 2016/2017"]
[Site "Wien / St. Veit / Jenbach"]
[Date "2017.01.14"]
[Round "1"]
[Board "1"]
[White "Stangl, Anita"]
[Black "Mar, Karmen"]
[Result "0-1"]
[WhiteElo "2053"]
[BlackElo "2087"]
[PlyCount "54"]
[EventDate "2017.01.14"]
[EventType "team"]
[EventRounds "7"]
[EventCountry "AUT"]
[WhiteTeam "Schach ohne Grenzen"]
[BlackTeam "SC Extraherb WS"]

1. e4 c5 2. Nf3 d6 3. d4 cxd4 4. Nxd4 Nf6 5. Nc3 e6 6. Bc4 Be7 7. O-O O-O 8.
Nde2 a6 9. a3 b5 10. Ba2 Bb7 11. Ng3 Nbd7 12. f4 a5 13. f5 b4 14. fxe6 bxc3 15.
exd7 Qb6+ 16. Kh1 cxb2 17. Rb1 bxc1=Q 18. Qxc1 Qc7 19. Nf5 Bd8 20. Qg5 g6 21.
Nh6+ Kh8 22. Rxf6 Qxc2 23. Rbf1 Qxa2 24. Qf4 Bxe4 25. Qxe4 Bxf6 26. g3 Qe6 27.
Qf3 d5 0-1

[Event "Frauenbundesliga 2016/2017"]
[Site "Wien / St. Veit / Jenbach"]
[Date "2017.01.14"]
[Round "1"]
[Board "2"]
[White "Zechner, Andrea"]
[Black "Anker, Christin"]
[Result "1/2-1/2"]
[WhiteElo "1867"]
[BlackElo "1821"]
[PlyCount "170"]
[EventDate "2017.01.14"]
[EventType "team"]
[EventRounds "7"]
[EventCountry "AUT"]
[WhiteTeam "SC Extraherb WS"]
[BlackTeam "Schach ohne Grenzen"]

1. d4 d5 2. c4 c6 3. Nf3 Nf6 4. Nc3 a6 5. Bf4 g6 6. e3 Bg7 7. Be2 O-O 8. O-O
dxc4 9. Bxc4 Bg4 10. h3 Bxf3 11. Qxf3 Nbd7 12. Rfd1 Nb6 13. Bb3 Nbd5 14. Be5 e6
15. Na4 Nd7 16. Bxg7 Kxg7 17. e4 N5f6 18. Rac1 Qe7 19. Nc3 Rac8 20. e5 Nd5 21.
Ne4 N7b6 22. Nd6 Rc7 23. Qg4 Rd8 24. Rd3 f5 25. Qg3 Nc8 26. Nc4 Nb4 27. Rdd1
Rcd7 28. a3 Nd5 29. Nd2 Nc7 30. Nf3 Nb6 31. Kh2 Nb5 32. Qf4 Nd5 33. Qg3 Kh8 34.
h4 Nb6 35. Qf4 Nd5 36. Bxd5 cxd5 37. Rc2 Rc7 38. Rdc1 Rxc2 39. Rxc2 Na7 40. Qh6
Nc6 41. h5 Qg7 42. Qg5 Rg8 43. h6 Qf7 44. Re2 Rf8 45. Qh4 f4 46. Rd2 Qf5 47.
Ng5 Kg8 48. Nf3 a5 49. Qg5 Qb1 50. Qg4 Qf5 51. Qxf5 Rxf5 52. Kh3 Rh5+ 53. Kg4
Rxh6 54. Kxf4 Kf8 55. Kg5 Rh5+ 56. Kg4 Rh1 57. Ng5 Ke7 58. g3 h5+ 59. Kf4 h4
60. gxh4 Rxh4+ 61. Ke3 Rg4 62. Nf3 Re4+ 63. Kd3 Rf4 64. Ke3 Re4+ 65. Kd3 Rf4
66. Ke2 Re4+ 67. Kd1 Rf4 68. Rd3 a4 69. Kd2 Na5 70. Kc3 Nc6 71. Kd2 Rf5 72. Ke3
Na5 73. Nd2 b5 74. f3 Rh5 75. Rc3 Nc4+ 76. Nxc4 bxc4 77. Rc2 g5 78. Rg2 Kf7 79.
Kd2 Kg6 80. f4 Kf5 81. fxg5 Rxg5 82. Rh2 Ke4 83. Rh4+ Kf5 84. Rh2 Rg4 85. Kc3
Ke4 1/2-1/2

[Event "Frauenbundesliga 2016/2017"]
[Site "Wien / St. Veit / Jenbach"]
[Date "2017.01.14"]
[Round "1"]
[Board "3"]
[White "Wunderl, Eva"]
[Black "Majkovski, Sarah"]
[Result "1-0"]
[WhiteElo "1880"]
[BlackElo "1631"]
[PlyCount "133"]
[EventDate "2017.01.14"]
[EventType "team"]
[EventRounds "7"]
[EventCountry "AUT"]
[WhiteTeam "Schach ohne Grenzen"]
[BlackTeam "SC Extraherb WS"]

1. e4 e5 2. Nf3 Nc6 3. Bc4 Bc5 4. c3 Nf6 5. d3 O-O 6. Bb3 d6 7. Nbd2 h6 8. Nf1
Be6 9. Be3 Bb6 10. Bxb6 axb6 11. Ne3 Bxb3 12. Qxb3 Na5 13. Qc2 c5 14. O-O Nc6
15. a3 Qd7 16. Nh4 Nh5 17. Nhf5 Ne7 18. Nxe7+ Qxe7 19. Qb3 Ra6 20. Nd5 Qd8 21.
g3 g5 22. Rad1 Nf6 23. Ne3 Nh5 24. Nf5 Kh7 25. Qd5 Nf6 26. Qxd6 Qxd6 27. Nxd6
Ra7 28. Nc4 Nd7 29. Nd6 f6 30. d4 Kg6 31. Kg2 h5 32. Nf5 Rf7 33. Rd2 Nf8 34.
dxe5 fxe5 35. Rd6+ Rf6 36. Rfd1 Ra6 37. R1d5 Rxd6 38. Nxd6 Kf6 39. Nxb7 Ra7 40.
Rd6+ Ke7 41. Rxb6 Nd7 42. Rb5 c4 43. Na5 Rc7 44. Rb4 Kf6 45. Nxc4 Nc5 46. Nb6
Ra7 47. Nd5+ Kg7 48. Ne3 Rf7 49. Nf5+ Kh7 50. a4 Rd7 51. Rc4 Nb3 52. Rc6 Ra7
53. Rh6+ Kg8 54. Rxh5 Rxa4 55. Rxg5+ Kf7 56. h4 Kf6 57. Rg4 Nc5 58. Nd6 Nd3 59.
h5 Ra2 60. h6 Rxb2 61. h7 Nxf2 62. h8=Q+ Ke7 63. Qxe5+ Kd7 64. Rg7+ Kc6 65.
Qd5+ Kb6 66. Nc4+ Ka6 67. Qa5# 1-0

[Event "Frauenbundesliga 2016/2017"]
[Site "Wien / St. Veit / Jenbach"]
[Date "2017.01.14"]
[Round "1"]
[Board "4"]
[White "Mattersberger, Melanie"]
[Black "Kimpel, Janine"]
[Result "0-1"]
[WhiteElo "1644"]
[BlackElo "1969"]
[PlyCount "136"]
[EventDate "2017.01.14"]
[EventType "team"]
[EventRounds "7"]
[EventCountry "AUT"]
[WhiteTeam "SC Extraherb WS"]
[BlackTeam "Schach ohne Grenzen"]

1. e4 Nf6 2. e5 Nd5 3. c4 Nb6 4. d4 d6 5. f4 dxe5 6. fxe5 Nc6 7. Be3 Bf5 8. a3
e6 9. Nf3 Be7 10. Nc3 Bg4 11. Qd2 Bxf3 12. gxf3 Bh4+ 13. Kd1 Qd7 14. Rg1 O-O-O
15. Rg4 g5 16. Kc2 h5 17. Re4 Rhg8 18. Be2 Qe7 19. h3 Nd7 20. f4 Nc5 21. fxg5
Nxe4 22. Nxe4 Nxe5 23. Qc3 Nd7 24. Bxh5 f5 25. gxf6 Nxf6 26. Nxf6 Bxf6 27. Bg4
Kb8 28. Rd1 Qh7+ 29. Kc1 Qe4 30. Qd2 Qc6 31. Qc2 Bg5 32. Bxg5 Rxg5 33. Qe2 Rg6
34. Bf3 Qb6 35. c5 Qa6 36. Qe4 Rdg8 37. Be2 Qc6 38. Qxc6 bxc6 39. Bg4 Rd8 40.
Kc2 Kc8 41. Kc3 Kd7 42. Re1 Rf6 43. Re2 Rdf8 44. b3 Rh6 45. a4 Rf1 46. Re4 a5
47. Re2 Rhf6 48. Re3 Ke7 49. b4 Rc1+ 50. Kb2 Rc4 51. bxa5 Rxa4 52. Ra3 Rxd4 53.
a6 Rb4+ 54. Kc3 Rff4 55. Bd1 Rb8 56. a7 Ra8 57. Be2 Kd7 58. Bg4 Rf1 59. Kd4 Re1
60. Kd3 Rb1 61. Ke4 Rb7 62. Ke5 Rbxa7 63. Rd3+ Ke7 64. Bxe6 Rb8 65. Rg3 Rf8 66.
Rg7+ Kd8 67. Rd7+ Ke8 68. Bf5 Rxf5+ 0-1

[Event "Frauenbundesliga 2016/2017"]
[Site "Wien / St. Veit / Jenbach"]
[Date "2017.01.14"]
[Round "1"]
[Board "1"]
[White "Stanimirovic, Ivana"]
[Black "Novkovic, Julia"]
[Result "0-1"]
[WhiteElo "1805"]
[BlackElo "2162"]
[PlyCount "122"]
[EventDate "2017.01.14"]
[EventType "team"]
[EventRounds "7"]
[EventCountry "AUT"]
[WhiteTeam "tschaturanga"]
[BlackTeam "SK Dornbirn"]

1. d4 g6 2. c4 Bg7 3. Nc3 d6 4. e4 e5 5. Nf3 Nc6 6. d5 Nce7 7. Nd2 f5 8. f3 Nf6
9. Be2 O-O 10. O-O Bh6 11. Nb3 Bxc1 12. Nxc1 f4 13. Nd3 g5 14. b4 Rf7 15. c5
Rg7 16. cxd6 cxd6 17. Kh1 Nh5 18. Rf2 Bd7 19. Rc1 Rc8 20. a4 Qb6 21. Nb5 Rxc1
22. Qxc1 Bxb5 23. axb5 Rg6 24. Qc4 Ng3+ 25. hxg3 Rh6+ 26. Kg1 fxg3 27. Qc1 Rg6
28. Kf1 gxf2 29. Nxf2 Kh8 30. Nh3 h6 31. g3 Rg8 32. f4 gxf4 33. gxf4 Rc8 34.
Qd2 Qd4 35. Qxd4 exd4 36. Bd3 Kg7 37. Ke2 Ng6 38. Kd2 Rf8 39. f5 Ne5 40. Nf4
Kf6 41. Be2 Rg8 42. Ne6 d3 43. Bxd3 Rg2+ 44. Be2 Nf7 45. Ke3 Rg3+ 46. Kf4 Rb3
47. Bh5 Ne5 48. Nd8 Nd3+ 49. Kg4 Rxb4 50. Nxb7 Nf2+ 51. Kf3 Nxe4 52. Bg6 Ke5
53. Na5 Ng5+ 54. Ke3 Re4+ 55. Kd3 Kxd5 56. f6 Rf4 57. f7 Nxf7 58. Ke3 Rf6 59.
Be4+ Kc5 60. Nc6 Ng5 61. Bg2 Rf7 0-1

[Event "Frauenbundesliga 2016/2017"]
[Site "Wien / St. Veit / Jenbach"]
[Date "2017.01.14"]
[Round "1"]
[Board "2"]
[White "Kurapova, Olga"]
[Black "Landl, Margot"]
[Result "1-0"]
[WhiteElo "1950"]
[BlackElo "1915"]
[PlyCount "73"]
[EventDate "2017.01.14"]
[EventType "team"]
[EventRounds "7"]
[EventCountry "AUT"]
[WhiteTeam "SK Dornbirn"]
[BlackTeam "tschaturanga"]

1. d4 f5 2. c4 Nf6 3. Nc3 e6 4. Bg5 Be7 5. h4 d5 6. cxd5 exd5 7. Nf3 c6 8. e3
Nbd7 9. Bd3 Ne4 10. Bxe7 Qxe7 11. g3 O-O 12. O-O Ndf6 13. Ne5 Ng4 14. Nxg4 fxg4
15. Nxe4 dxe4 16. Bc4+ Kh8 17. Rc1 Be6 18. Qb3 Bxc4 19. Rxc4 Rf7 20. Rc5 Qf8
21. Rg5 Qe7 22. Rxg4 Raf8 23. Qc2 Re8 24. Rg5 Qd6 25. Qc4 Ref8 26. Re5 h6 27.
Qc2 Qb4 28. Rxe4 Rf5 29. Qc3 Qd6 30. Re5 Rf3 31. Qc2 Qb4 32. a3 Qd6 33. Qe4 Qf6
34. Re6 Rxg3+ 35. Kh2 Qf7 36. Kxg3 g5 37. Rxh6+ 1-0

[Event "Frauenbundesliga 2016/2017"]
[Site "Wien / St. Veit / Jenbach"]
[Date "2017.01.14"]
[Round "1"]
[Board "1"]
[White "Purgar, Ivona"]
[Black "Rozman, Monika"]
[Result "0-1"]
[WhiteElo "2143"]
[BlackElo "2135"]
[PlyCount "84"]
[EventDate "2017.01.14"]
[EventType "team"]
[EventRounds "7"]
[EventCountry "AUT"]
[WhiteTeam "SK Baden"]
[BlackTeam "SV Chesshero Rapid Feffernitz"]

1. e4 c5 2. Nf3 d6 3. d4 cxd4 4. Nxd4 Nf6 5. Nc3 a6 6. g3 e6 7. Bg2 Be7 8. O-O
Qc7 9. Be3 O-O 10. f4 Nc6 11. Kh1 Rb8 12. a4 Re8 13. Qe2 Bd7 14. Nb3 Na5 15. g4
Nxb3 16. cxb3 Bc6 17. g5 Nd7 18. b4 b5 19. axb5 axb5 20. Rfc1 Rec8 21. Ra5 Qd8
22. Nxb5 Bxb5 23. Rxb5 Rxc1+ 24. Bxc1 Ra8 25. Bd2 Ra1+ 26. Bf1 Nb6 27. Ra5 Rb1
28. Bc3 d5 29. Qd3 Rc1 30. Kg2 Nc4 31. Ra7 Bf8 32. exd5 exd5 33. Qd4 Qc8 34.
Be2 Rc2 35. Qd3 Qg4+ 36. Kf1 Qxf4+ 37. Qf3 Ne3+ 38. Kf2 Ng4+ 39. Kg2 Qxh2+ 40.
Kf1 Rc1+ 41. Be1 Ne5 42. Qxd5 Qf4+ 0-1